00688 2200193 4500245006500000250001100065100002000076700002100096700001700117700001900134650001600153005001900169260001800188041001400206084000800220300002100228500023600249336000900485 aKoleksi Karya Siswa Kelas X-PemasarancKeila Arzheta JhText aCet. 1 aKeila Arzheta J aKholifa Nurzahra aAdinda Intan aSandya Alika M aKarya Siswa a20240130143801 aJakartac2024 aIndonesia a081 a41 hlm. :cilus. aKoleksi karya siswa ini merupakan koleksi karya tentang cerita pendek dari beberapa siswa kelas X-Pemasaran. Adapun beberapa judulnya seperti Berpetualang dengan Kekuatan karya Laila Ayu Pramadita, Dokter Gigi karya Sandrya Alika M atext